00546nam a22001697a 450000500170000001000170001702000260003403500170006003700120007708200060008910000200009524500570011526000290017227000510020130000280025250000960028020130508161253.0 aB-496644-648 a9781447211068c399.00 aB-496644-648 bUBH/Ven aS aArcher, Jeffrey aThe new collected short stories /cby Jeffrey Archer aLondonbPan Bookscc2011 aPan Mcmillan,20 New Wharf RoadbLondoneN1 9RR a857P.bill.c20cm(pbk). aIt include index and To cut a long story short , Cat O' nine tales and Thereby hangs a tale